000 00691nam a2200277Ia 4500
005 20260324140029.0
008 008 260324s9999 xx 000 0 eng d
020 _a9780429450051
037 _aEBOOK
040 _aCRL
040 _beng
040 _cCRL
041 _2eng
041 _aeng
084 _qCRL
100 _aMark Anthony Robben
_91202758
245 2 _aA Study of Innovative Behavior in High Technology Product Development Organizations
260 _bTaylor and Francis
260 _c1999
365 _a
365 _b160
856 _uhttp://www.taylorfrancis.com/books/9780429450051
942 _cEBOOK
999 _c1804495
_d1804495